| 000 | 00454 a2200169 4500 | ||
|---|---|---|---|
| 020 | _a9789381269220 | ||
| 082 | _a004.22 | ||
| 090 |
_c7462 _d7462 |
||
| 100 | _aHennessy, John L | ||
| 110 | _aPatterson, David A | ||
| 245 |
_aComputer architecture : a quantitative approach _cJohn L.Hennessy |
||
| 250 | _a5th ed. | ||
| 260 |
_aNew Delhi _bMK Publisher _c2012. |
||
| 650 | _aComputer architecture | ||
| 700 | _aJohn L.Hennessy | ||
| 942 |
_cBK _k004.22 HEN |
||
| 999 |
_c11265 _d11265 |
||